Landen aan de middelandse zee - Statistieken

Algemene statistieken
  • Deze quiz is 11 keer genomen
  • De gemiddelde score is 23 van 24
Antwoorden op de kaart
Antwoorden kleurgecodeerd door een groen-rode schaal op de quizkaart volgens % correct hieronder.
 
Antwoordstatistieken
Antwoord % Correct
albanië
100%
algerije
100%
bosnië en Herzegovina
100%
cyprus
100%
cyprus
100%
egypte
100%
frankrijk
100%
Griekenland
100%
israël
100%
italië
100%
kroatië
100%
libië
100%
malta
100%
marokko
100%
montenegro
100%
spanje
100%
tunesië
100%
turkije
100%
Turkije
100%
Libanon
91%
syrië
91%
monaco
82%
slovenië
82%
Palestina
45%
Geen overeenkomende quizzen gevonden
Scoreverdeling
Procent van Mensen met Elke Score
Percentiel versus Aantal Correcte Antwoorden
Uw Scoregeschiedenis
U heeft deze quiz nog niet genomen